[Event "AUTO-INT-1331"]
[Site "http://www.queenalice.com/game.php?id=597630"]
[Date "2009.6.2"]
[Round "1"]
[White "My_King_Wins"]
[Black "gessi86"]
[Result "0-1"]
[WhiteElo "1493"]
[BlackElo "1276"]

1. d4 e6 2. e4 Bb4+ 3. Bd2 Nc6 4. Nf3 Nf6 5. a3 Ba5 6. Bb5 Nxd4 7. Nxd4 Nxe4 8.
Bxa5 b6 9. Nc3 Ng5 10. Bb4 Bb7 11. Qd2 Bxg2 12. Rg1 Be4 13. Rxg5 Rg8 14. Nxe4 c5
15. Nd6+ Ke7 16. Nb7 Qb8 17. Bxd7 Qxb7 0-1

[Event "AUTO-INT-1331"]
[Site "http://www.queenalice.com/game.php?id=597643"]
[Date "2009.6.2"]
[Round "1"]
[White "therota2"]
[Black "My_King_Wins"]
[Result "1-0"]
[WhiteElo "1499"]
[BlackElo "1600"]

1. c4 e5 2. Nc3 Nf6 3. d3 Bb4 4. g3 d5 5. Bg2 d4 6. Qa4+ Nc6 7. Bxc6+ bxc6 8.
Qxb4 dxc3 9. bxc3 Bb7 10. Qxb7 O-O 11. Qxc6 Qd6 12. Qxd6 cxd6 13. Nf3 h6 14. Ba3
Rfd8 15. Rg1 Rab8 16. g4 Rb7 17. h4 h5 18. g5 Ng4 19. e4 Kh7 20. Ke2 f6 21. Rg2
Rdb8 22. Nd2 Rb6 23. f3 Nh6 24. gxh6 Kxh6 25. c5 dxc5 26. Bxc5 Ra6 27. Rag1 Rg8
28. a3 Ra5 29. d4 a6 30. Rg6+ Kh7 31. Be7 Rb5 32. Bxf6 exd4 33. cxd4 Rb7 34. f4
Rf7 35. e5 Rgf8 36. Ne4 Rb7 37. Bxg7 Rxf4 38. Rh6+ 1-0

[Event "AUTO-INT-1331"]
[Site "http://www.queenalice.com/game.php?id=597644"]
[Date "2009.6.2"]
[Round "1"]
[White "My_King_Wins"]
[Black "therota2"]
[Result "1-0"]
[WhiteElo "1984"]
[BlackElo "1444"]

1. d4 f5 2. c4 Nf6 3. Nf3 b6 4. Nc3 Nc6 5. e4 fxe4 6. Ng5 d6 7. Ngxe4 Bb7 8.
Nxf6+ gxf6 9. Be2 Qd7 10. O-O O-O-O 11. Bg4 e6 12. d5 f5 13. dxc6 Bxc6 14. Bf3
Rg8 15. Qe2 h5 16. Bxc6 Qxc6 17. Qxe6+ Kb7 18. Qxg8 Qxc4 19. Qxc4 1-0

[Event "AUTO-INT-1331"]
[Site "http://www.queenalice.com/game.php?id=597653"]
[Date "2009.6.2"]
[Round "1"]
[White "My_King_Wins"]
[Black "roberto_falk"]
[Result "0-1"]
[WhiteElo "1682"]
[BlackElo "1630"]

1. d4 d5 2. c4 e6 3. Nc3 Nf6 4. Bg5 Be7 5. Nf3 O-O 6. e3 h6 7. Bxf6 Bxf6 8. Bd3
a6 9. Bc2 dxc4 10. O-O b5 11. Ne5 Bxe5 12. dxe5 Qxd1 13. Raxd1 Nc6 14. Be4 Bb7
15. f4 Na5 16. Bxb7 Nxb7 17. b4 c5 18. bxc5 Nxc5 0-1

[Event "AUTO-INT-1331"]
[Site "http://www.queenalice.com/game.php?id=597654"]
[Date "2009.6.2"]
[Round "1"]
[White "roberto_falk"]
[Black "My_King_Wins"]
[Result "1-0"]
[WhiteElo "1578"]
[BlackElo "1901"]

1. e4 c5 2. Nf3 e6 3. Nc3 b6 4. Bc4 d6 5. d3 Be7 6. O-O Nc6 7. a3 Nf6 8. h3 O-O
9. Ng5 d5 10. Bb5 Bb7 11. Bf4 a6 12. e5 Nd7 13. Bxc6 Bxc6 14. Qg4 f6 15. Nxe6
Nxe5 16. Qxg7# 1-0

[Event "#1"]
[Site "http://www.queenalice.com/game.php?id=597657"]
[Date "2009.6.2"]
[Round "-"]
[White "EliasOliveira28"]
[Black "My_King_Wins"]
[Result "0-1"]
[WhiteElo "1809"]
[BlackElo "1500"]

1. d4 Nf6 2. c4 e6 3. Nf3 d5 4. Nc3 c5 5. dxc5 Bxc5 6. e3 Nc6 7. Bd3 a6 8. O-O
O-O 9. b3 e5 10. cxd5 Nxd5 11. Re1 Be6 12. e4 Nxc3 13. Qc2 Qb6 14. Qxc3 Bxf2+
0-1

[Event "Challenge"]
[Site "http://www.queenalice.com/game.php?id=597659"]
[Date "2009.6.2"]
[Round "-"]
[White "My_King_Wins"]
[Black "Aquariano"]
[Result "1-0"]
[WhiteElo "1855"]
[BlackElo "1842"]

1. d4 d5 2. c4 dxc4 3. Nf3 Nc6 4. e3 Nf6 5. Bxc4 e6 6. Nc3 b6 7. Bb3 Bb7 8. O-O
Be7 9. e4 O-O 10. e5 Nd5 11. Bc2 Nxc3 12. bxc3 a5 13. a3 Qd7 14. Be3 Nd8 15. Bg5
Bxg5 16. Nxg5 h6 17. Nf3 Bxf3 18. Qxf3 Nc6 19. Rad1 Ne7 20. Qe4 Rad8 21. Qh7#
1-0

[Event "Challenge"]
[Site "http://www.queenalice.com/game.php?id=601071"]
[Date "2009.6.9"]
[Round "-"]
[White "My_King_Wins"]
[Black "Chess_Divine"]
[Result "0-1"]
[WhiteElo "1765"]
[BlackElo "1500"]

1. e4 c5 2. Nf3 d6 3. d4 cxd4 4. Nxd4 Nf6 5. Nc3 e5 6. Nb3 a6 7. Bc4 Be7 8. Be3
b5 9. Bd3 Be6 10. O-O Nbd7 11. Qd2 O-O 12. Rad1 Nb6 13. Bxb6 Qxb6 14. Nd5 Bxd5
15. exd5 Nxd5 16. Be4 Nc7 17. Bxa8 Rxa8 18. c3 Ne6 19. Nc1 Qb7 20. Ne2 Bg5 21.
Qd3 d5 22. b4 d4 23. cxd4 exd4 24. Nxd4 Nf4 25. Qf5 Qxg2# 0-1